| 000 | 01235cam a2200289 i 4500 | ||
|---|---|---|---|
| 003 | SA-RiAUC | ||
| 005 | 20250616084831.0 | ||
| 008 | 250616s2004 su g 000 0 ara c | ||
| 040 |
_aKW-ShULA _bara _cSA-RiAUC _erda |
||
| 082 | 0 | 4 |
_a213 _qSA-RiAUC |
| 090 |
_a213 _bح ا ف |
||
| 100 | 1 |
_aحافظ، أسامة إبراهيم _eمؤلف. |
|
| 245 | 1 | 2 |
_aالنصح والتبيين في تصحيح مفاهيم المحتسبين / _cتأليف وإعداد أسامة إبراهيم حافظ، عاصم عبد الماجد محمد ؛ مراجعة كرم محمد زهدي [ومجموعة آخرون] |
| 250 | _aالطبعة الأولى. | ||
| 264 | 1 |
_aالرياض : _bمكتبة العبيكان، _c2004 |
|
| 300 |
_a176 صفحة ؛ _c21 سم. |
||
| 336 |
_aنص _btxt _2rdacontent _3كتاب |
||
| 337 |
_aبدون وسيط _bn _2rdamedia |
||
| 338 |
_aمجلد _bnc _2rdacarrier |
||
| 490 | 0 | _aتصحيح المفاهيم | |
| 650 | 7 |
_aالوعظ والإرشاد _2aucsh |
|
| 650 | 7 |
_aالدعوة الإسلامية _2aucsh |
|
| 700 | 1 |
_aمحمد، عاصم عبد الماجد _eمؤلف. |
|
| 700 | 1 |
_aزهدي، كرم محمد _eمراجع. |
|
| 942 |
_2ddc _cBOOK _n0 |
||
| 949 |
_aSA-JeALM _d250616 _umohamedma123 _n1 |
||
| 999 |
_c9046 _d9046 |
||